00529nam a2200205 a 4500001001300000003000900013005001700022008004100039020001000080082001600090100002300106245002000129260004500149300001000194500003500204505001900239650002400258650001800282700002300300nice12345678IN_TiNIC20260116011529.0050524s1959 newa grp 000 0 eng  ac10000a297.09bDEP aDe Planhol, Xavier aWorld of Islam. aNew YorkbCornell University Pressc1959 a142p. aincludes index and biblioraphy2 aBiblio., Index aIslam and Geography aIslam-History1 aDe Planhol, Xavier